000 00459nam a2200181Ia 4500
001 20579
005 20260306172816.0
008 260306t2014||||xx |||||||||||||| ||spa||
041 _aESP
082 _a343.4
_bP33
100 _aPazo Pineda, Oscar Andrés
_eAUT
245 0 _aLos derechos fundamentales y el tribunal constitucional
260 _c2014
300 _a590 páginas :
_c25 cm.
650 _aGEN
654 _aCDE
942 _cLIB
_dJUS
_fJUS
_2ddc
_n
999 _c20579
_d20579